Grille de mots #15 - Statistiques

Statistiques générales
  • Ce quiz a été pris 73 fois
  • Le résultat moyen est 73 sur 89
Statistiques - réponses
Place de la lettre Réponses % Correct
7 B A
95%
7 A P
94%
9 B T
94%
7 D A
92%
7 F A
92%
7 E M
92%
7 C N
92%
9 A U
92%
1 A E
91%
10 B E
91%
8 C I
91%
5 A L
91%
8 B R
91%
10 A S
91%
8 A T
91%
4 A A
89%
6 A Y
89%
3 A C
88%
5 B E
88%
5 C T
88%
1 B U
88%
2 A U
88%
3 B A
84%
8 E E
84%
4 B N
84%
8 G T
84%
1 G I
83%
8 D M
83%
4 J N
83%
8 F N
83%
2 B R
83%
10 E T
83%
10 C A
81%
4 I B
81%
5 H E
81%
2 G N
81%
10 D N
81%
6 D D
80%
1 E E
80%
2 H E
80%
4 D E
80%
4 G E
80%
7 H G
80%
3 C I
80%
9 G I
80%
3 H L
80%
1 F M
80%
3 D M
80%
1 C P
80%
5 G P
80%
10 G R
80%
5 I S
80%
3 E A
78%
5 E C
78%
1 J E
78%
5 F E
78%
6 E E
78%
7 J E
78%
1 D H
78%
3 J I
78%
1 I M
78%
3 F N
78%
4 E N
78%
4 F N
78%
3 I O
78%
10 H O
78%
2 J R
78%
6 H R
78%
6 J R
78%
7 I R
78%
1 H S
78%
10 I S
78%
10 J S
78%
4 C T
78%
2 D U
78%
8 J U
78%
8 I V
78%
9 D A
77%
6 I E
77%
9 I E
77%
2 F I
77%
6 G I
77%
2 E L
77%
9 E N
77%
2 C S
77%
6 F S
77%
9 J S
77%
9 F G
75%
9 H N
75%
Aucun quiz correspondant
Distribution des résultats
% des personnes avec chaque résultat
Percentile par nombre de réponses
Votre historique - résultats
Vous n’avez pas pris ce quiz